Quantum optics / (Record no. 14800)

MARC details
000 -LEADER
fixed length control field 02771cam a2200253 i 4500
001 - CONTROL NUMBER
control field TB12319
003 - CONTROL NUMBER IDENTIFIER
control field IN-BhIIT
005 - DATE AND TIME OF LATEST TRANSACTION
control field 20260409101256.0
008 - FIXED-LENGTH DATA ELEMENTS--GENERAL INFORMATION
fixed length control field 120618s2013 enka b 001 0 eng
020 ## - INTERNATIONAL STANDARD BOOK NUMBER
ISBN 9781107006409 (hbk.)
040 ## - CATALOGING SOURCE
Original cataloging agency IN-BhIIT
041 ## - LANGUAGE CODE
Language code of text eng
082 00 - DEWEY DECIMAL CLASSIFICATION NUMBER
Classification number 535.15
Book number AGA/Q
100 1# - MAIN ENTRY--AUTHOR NAME
Personal name Agarwal, G. S.
Relator term Author
245 10 - TITLE STATEMENT
Title Quantum optics /
Statement of responsibility, etc by Girish S. Agarwal.
260 ## - PUBLICATION, DISTRIBUTION, ETC. (IMPRINT)
Place of publication New Delhi :
Name of publisher Cambridge University Press,
Year of publication 2015.
300 ## - PHYSICAL DESCRIPTION
Number of Pages xvi, 491 p. :
Other physical details(ill.) ill. ;
Dimensions(size) 26 cm
504 ## - BIBLIOGRAPHY, ETC. NOTE
Bibliography, etc Includes bibliographical references and index.
505 8# - FORMATTED CONTENTS NOTE
Formatted contents note Machine generated contents note: 1. Quantized electromagnetic field and coherent state representations; 2. Nonclassicality of radiation fields; 3. Two mode squeezed states and quantum entanglement; 4. Non-Gaussian nonclassical states; 5. Optical interferometry with single photons and nonclassical light; 6. Polarization and orbital angular momentum of quantum fields; 7. Absorption, emission, and scattering of radiation; 8. Partial coherence in multimode quantum fields; 9. Open quantum systems; 10. Amplification and attenuation of quantum fields; 11. Quantum coherence, interference and squeezing in two-level systems; 12. Cavity quantum electrodynamics; 13. Absorption, emission and scattering from two-level atoms; 14. Quantum interference and entanglement in radiating systems; 15. Near-field radiative effects; 16. Decoherence and disentanglement in two-level systems; 17. Coherent control of the optical properties; 18. Dispersion management and ultraslow light; 19. Single photons and nonclassical light in integrated structures; 20. Quantum optical effects in nano-mechanical systems; Index.
520 ## - SUMMARY, ETC.
Summary, etc "In the last decade many important advances have taken place in the field of quantum optics, with numerous potential applications. Ideal for graduate courses on quantum optics, this textbook provides an up-to-date account of the basic principles of the subject. Focusing on applications of quantum optics, the textbook covers recent developments such as engineering of quantum states, quantum optics on a chip, nano-mechanical mirrors, quantum entanglement, quantum metrology, spin squeezing, control of decoherence and many other key topics. Readers are guided through the principles of quantum optics and their uses in a wide variety of areas including quantum information science and quantum mechanics. The textbook features end-of-chapter exercises with solutions available for instructors at www.cambridge.org/9781107006409. It is invaluable to both graduate students and researchers in physics and photonics, quantum information science and quantum communications"--
650 #0 - SUBJECT ADDED ENTRY--TOPICAL TERM
Topical Term Quantum optics
Topical Term Science
General subdivision Optics.
942 ## - ADDED ENTRY ELEMENTS (KOHA)
Koha item type Text Book
Koha issues (borrowed), all copies 2
Holdings
Withdrawn status Lost status Damaged status Not for loan Collection code Home library Current library Date acquired Source of acquisition Cost, normal purchase price Full call number Accession Number Cost, replacement price Price effective from Koha item type
Not withdrawn Not Lost not damaged   SBS Central Library, IIT Bhubaneswar Central Library, IIT Bhubaneswar 14/02/2025 51 5451.59 535.15 AGA/Q TB12318 7467.93 14/02/2025 Text Book
Not withdrawn Not Lost not damaged   SBS Central Library, IIT Bhubaneswar Central Library, IIT Bhubaneswar 14/02/2025 51 5451.59 535.15 AGA/Q TB12319 7467.93 14/02/2025 Text Book

Central Library, Indian Institute of Technology Bhubaneswar, 4th Floor, Administrative Building, Argul, Khordha, PIN-752050, Odisha, India
Phone: +91-674-7138750 | Email: circulation.library@iitbbs.ac.in (For circulation related queries),
Email: info.library@iitbbs.ac.in (For other queries)